Statistiques concernant Musiques Columbine

Cliquez ici pour prendre le quiz!

Statistiques générales

  • Ce quiz a été pris 223 fois
  • Le résultat moyen est 28 sur 69

Statistiques - réponses

albumtitre% Correct
Adieu bientôtAdieu bientôt
85%
Adieu bientôtCache-cache
83%
Enfants terriblesEnfants terribles
76%
CFBLes Prélis
70%
Enfants terriblesRémi
63%
CFBDom Pérignon
61%
Adieu bientôtBorderline
59%
Enfants terriblesTemps électrique
58%
Adieu, au revoirC'est pas grave
57%
Enfants terriblesTalkie-walkie
57%
Enfants terriblesÉté Triste
54%
Enfants terriblesFireworks
54%
Adieu, au revoirChambre 112
51%
Adieu bientôtBart Simpson
50%
Enfants terribles1000
49%
CFBClubbing for Columbine
49%
Enfants terriblesChâteau de sable
48%
CFBFleurs du mal
48%
?Marion
48%
Adieu, au revoirLa reine du bal
47%
Adieu, au revoirVampire
47%
Enfants terriblesLes Caméléons
46%
Enfants terriblesDans ma chambre
45%
2K16Fond de la classe
44%
CFBÉléphant
43%
Adieu bientôtVirgin suicide
42%
Enfants terriblesCollege Rules
41%
CFBAvalanches
40%
Adieu, au revoirBateau ivre
40%
Adieu bientôtStockholm
40%
CFB2K17
39%
Adieu bientôtLe bal des fous
39%
CFBMandragore
39%
2K16Vicomte
39%
2K16Bluray
38%
Adieu, au revoirTestament
38%
Adieu bientôtBoîte noire
37%
Adieu bientôtLa gloire ou l'asile
37%
Enfants terriblesMode avion
37%
Adieu, au revoirRayon X
37%
Adieu bientôtAge d'or
36%
Adieu bientôtBiographie
36%
Adieu bientôtJrefaiscequejevois
36%
CFBLittleton
36%
Adieu bientôtTopless
36%
Enfants terriblesWoohoo
36%
Adieu bientôtLabo photo
35%
Adieu bientôtPuzzle
35%
Adieu, au revoirBlabla
34%
Adieu bientôtIndochine
34%
Adieu bientôtMirador
34%
Adieu bientôtBrûler
33%
Adieu bientôtEn vain
33%
CFBZone 51
33%
CFBBlue Velvet
32%
Adieu, au revoirDrama
32%
CFBRetour IRL
32%
CFBDocument 1
31%
CFBL'école
31%
Adieu bientôtTeen spirit
31%
Adieu, au revoirToute la night
29%
CFBMain propre
27%
CFBBallade sauvage
26%
?Gracias
15%
?Buvette Tape
14%
?Space Machine
11%
?Polo
10%
?RIP
10%
?Sully Fist
5%

Distribution des résultats

Percentile par nombre de réponses

% des personnes avec chaque résultat

Votre développement - résultats

Vous n’avez pas pris ce quiz